| 000 | 01616cad a22002415a 4500 | ||
|---|---|---|---|
| 001 | L138329 | ||
| 008 | 070530s2007 xxko f 000 0 eng d | ||
| 035 | _a(Sirsi) u138329 | ||
| 041 | 0 | _aeng | |
| 050 | 0 | 4 | _a711.1 $2 18 |
| 110 | 2 |
_aSustainable Development Commission _94213 |
|
| 245 | 0 | 0 |
_aBuilding houses or creating communities? _ba review of government progress on sustainable communities _h[electronic resource] |
| 260 |
_a[S.l.] _bSDC _c2007 |
||
| 520 | _aAssesses the progress government has made on its promise to create sustainable communities and looks at how its interventions in growth areas and the housing market renewal areas are being reconciled with the five key principles for sustainable development. Discusses the environmental impacts of government's housing and communities policies, whether the policies are helping to create a strong and healthy society and economy, and whether they are being delivered and monitored effectively. Recommendations include connecting new housing with existing communities, increasing standards for water and energy efficiency measures, and consulting residents extensively about the future of their communities. | ||
| 590 | _aKA | ||
| 650 | 2 | 4 | _aSUSTAINABLE COMMUNITIES: BUILDING FOR THE FUTURE |
| 650 | 2 | 4 | _aHOUSING MARKET RENEWAL AREAS |
| 651 | 4 |
_aEngland _y886- |
|
| 690 | _aPROPERTY-PROPERTY MANAGEMENT-REGENERATION | ||
| 690 | _aPROPERTY-RESIDENTIAL PROPERTY-RESIDENTIAL PROPERTY DEVELOPMENT | ||
| 856 | 4 | 0 |
_uhttps://www.sd-commission.org.uk/publications.php?id=558 _zView the report free of charge at www.sd-commission.org.uk... |
| 942 | _n0 | ||
| 999 |
_c107128 _d107128 |
||